<?xml version="1.0" encoding="UTF-8"?>
<marc:record xmlns:marc="http://www.loc.gov/MARC21/slim">
   <marc:leader>00000nam a2200000 a 4500</marc:leader>
   <marc:datafield ind1="1" ind2=" " tag="100">
      <marc:subfield code="a">Ball, Leo de</marc:subfield>
      <marc:subfield code="4">aut</marc:subfield>
      <marc:subfield code="e">Verfasser/-in</marc:subfield>
   </marc:datafield>
   <marc:datafield ind1="1" ind2=" " tag="100">
      <marc:subfield code="a">Davies, Benjamin</marc:subfield>
      <marc:subfield code="4">aut</marc:subfield>
      <marc:subfield code="e">Verfasser/-in</marc:subfield>
   </marc:datafield>
   <marc:datafield ind1="1" ind2=" " tag="100">
      <marc:subfield code="a">Lamb, Hilary</marc:subfield>
      <marc:subfield code="4">aut</marc:subfield>
      <marc:subfield code="e">Verfasser/-in</marc:subfield>
   </marc:datafield>
   <marc:datafield ind1="0" ind2="0" tag="245">
      <marc:subfield code="a">Visuelles Wissen Physik</marc:subfield>
   </marc:datafield>
   <marc:datafield ind1="0" ind2="0" tag="245">
      <marc:subfield code="b">der anschauliche Einstieg in alle Themenbereiche</marc:subfield>
   </marc:datafield>
   <marc:datafield ind1=" " ind2="1" tag="264">
      <marc:subfield code="a">München</marc:subfield>
      <marc:subfield code="b">DK</marc:subfield>
      <marc:subfield code="c">2022</marc:subfield>
   </marc:datafield>
   <marc:datafield ind1="1" ind2=" " tag="520">
      <marc:subfield code="a">Angaben aus der Verlagsmeldung

Visuelles Wissen. Physik : Der anschauliche Einstieg in alle Themenbereiche

Bildgewaltiges Physik-Buch für Schüler*innen

Ein anschaulicher Einstieg in die Physik! Dieses umfassende Wissensbuch für Schüler*innen ab 12 Jahren beantwortet klar und verständlich die wichtigsten Fragen rund um physikalische Themen: Was ist Konvektion? Wie funktionieren Hebel? Wodurch unterscheiden sich Licht- und Schallwellen? Anschauliche Doppelseiten führen mit klaren Grafiken und Erläuterungen durch zentrale Aspekte der Physik – von Energie und Bewegung über Magnetismus bis zur Kernreaktion.

Umfangreiches Physik-Wissen für Schüler*innen in einem Buch

Naturwissenschaften für Schüler*innen so simpel und lebendig wie nie! Die DK-Reihe "Visuelles Wissen" unterstützt mit ansprechenden Illustrationen und kompakten Erklärungen beim einfachen und schnellen Verständnis wissenschaftlicher Sachverhalte. Dieses Physik-Buch ist der perfekte Begleiter für den Schulunterricht, die Hausaufgaben oder für die Prüfungsvorbereitung.

- Physik einfach erklärt: Was verursacht den Klimawandel? Wie funktionieren Radiowellen? Wie wird Elektrizität verwendet? Prägnante Erläuterungen und grafische Darstellungen beleuchten selbst komplexe wissenschaftliche Sachverhalte gut verständlich.

- Alle wichtigen Themen und Abläufe der Physik: Anschauliche Doppelseiten erwecken die Wissenschaft zum Leben und erleichtern Schüler*innen den Einstieg in die Materie – ob Atomaufbau, Beschleunigung, Stromkreise, Wärmeleitung oder Volumenmessung.

- Idealer Lernbegleiter: Didaktisch geprüft und an die Terminologie in deutschen Schulen angepasst eignet sich dieses tolle Wissensbuch optimal zum Selbstlernen für Schüler*innen der Sek II.

Die perfekte visuelle Begleitung für den Physik-Schulunterricht! Dieses umfassende Physik-Buch macht Wissenschaft für Schüler*innen, Student*innen und an Physik Interessierten lebendig.

</marc:subfield>
   </marc:datafield>
   <marc:datafield ind1=" " ind2=" " tag="020">
      <marc:subfield code="a">9783831044290</marc:subfield>
      <marc:subfield code="9">9783831044290</marc:subfield>
   </marc:datafield>
   <marc:datafield ind1=" " ind2=" " tag="020">
      <marc:subfield code="a">3831044295</marc:subfield>
      <marc:subfield code="9">3831044295</marc:subfield>
   </marc:datafield>
   <marc:datafield ind1=" " ind2=" " tag="041">
      <marc:subfield code="a">ger</marc:subfield>
   </marc:datafield>
   <marc:datafield ind1=" " ind2=" " tag="300">
      <marc:subfield code="a">288 Seiten</marc:subfield>
   </marc:datafield>
</marc:record>
